Catálogo
 En Linea

Danzas pre-clasicas : (Registro nro. 35445)

Detalles MARC
000 -CABECERA
campo de control de longitud fija 00653nam a2200193 a 4500
001 - NÚMERO DE CONTROL
campo de control 000035954
005 - FECHA Y HORA DE LA ÚLTIMA TRANSACCIÓN
campo de control 20240305102114.0
008 - DATOS DE LONGITUD FIJA--INFORMACIÓN GENERAL
campo de control de longitud fija 111121s1982 dr 000 0 spa d
040 ## - FUENTE DE LA CATALOGACIÓN
Centro catalogador/agencia de origen DO-SdBNP
Lengua de catalogación spa
Centro/agencia transcriptor BNPHU
049 ## - FONDOS LOCALES (OCLC)
Fondos de biblioteca BNPD
100 1# - ENTRADA PRINCIPAL--NOMBRE DE PERSONA
Nombre de persona Villamil, Armando
9 (RLIN) 61981
245 10 - MENCIÓN DE TÍTULO
Título Danzas pre-clasicas :
Resto del título Bailes de salón del siglo XIX /
Mención de responsabilidad, etc. Armando Villamil, Fradique Lizardo.
260 ## - PUBLICACIÓN, DISTRIBUCIÓN, ETC.
Lugar de publicación, distribución, etc. Santo Domingo :
Nombre del editor, distribuidor, etc. Servicios Gráficos Diversos,
Fecha de publicación, distribución, etc. 1982.
300 ## - DESCRIPCIÓN FÍSICA
Extensión 193 p. :
Otras características físicas il., mús. ;
Dimensiones 23 cm.
490 1# - MENCIÓN DE SERIE
Mención de serie Publicaciones
Designación de volumen o secuencia 5
504 ## - NOTA DE BIBLIOGRAFÍA, ETC.
Nota de bibliografía, etc. Bibliografía : p. 192 -193
700 1# - PUNTO DE ACCESO ADICIONAL--NOMBRE DE PERSONA
Nombre de persona Lizardo, Fradique,
Fechas asociadas al nombre 1930-1997
9 (RLIN) 62027
830 #0 - PUNTO DE ACCESO ADICIONAL DE SERIE-TÍTULO UNIFORME
Título uniforme Publicaciones
Designación de volumen o secuencia 5
9 (RLIN) 7786
Existencias
Estado de retiro Estado de pérdida No para préstamo Código de colección Localización permanente Ubicación/localización actual Ubicación en estantería Fecha de adquisición Número de inventario Total de préstamos Signatura topográfica completa Código de barras Fecha visto por última vez Precio válido a partir de Tipo de ítem Koha
    Excluido de préstamo Patrimonio Dominicano Patrimonio Dominicano Patrimonio Dominicano En catalogación 21.11.2011 LF1   35954-10 25.06.2020 25.06.2020 Libro y Folleto Colección Patrimonio Dominicano

Con tecnología Koha